| 000 | 00376nam a22001577a 4500 | ||
|---|---|---|---|
| 003 | OSt | ||
| 005 | 20211028092235.0 | ||
| 008 | 211028b |||||||| |||| 00| 0 eng d | ||
| 020 | _a139780495601128 | ||
| 040 |
_aHU _cDDC |
||
| 082 | _a364 | ||
| 245 | _aCRICRIMINOLOGY THE CORE | ||
| 260 |
_aAUSTRALIA _bTHOMSON _c2008 |
||
| 300 |
_axxv,417,P,40CM _bILL |
||
| 942 |
_2ddc _cBOOKS _n0 |
||
| 999 |
_c15384 _d15384 |
||